Príprava derivátov kyseliny kojovej a ich koordinačných zlúčenín
Uložené v:
| Hlavný autor: | |
|---|---|
| Ďalší autori: | |
| Médium: | Rukopis Kniha |
| Jazyk: | Slovak |
| Vydavateľské údaje: |
2015
|
| Predmet: | |
| On-line prístup: | http://is.stuba.sk/zp/portal_zp.pl?podrobnosti=101827 |
| Tagy: |
Žiadne tagy, Buďte prvý, kto otaguje tento záznam!
|
MARC
| LEADER | 00000ntm a22000003a 4500 | ||
|---|---|---|---|
| 001 | stuzp52325 | ||
| 003 | SK-STU | ||
| 005 | 20160719154133.1 | ||
| 007 | ta | ||
| 008 | 150427s2015----xo-----f-mn---000-0-slo-d | ||
| 040 | |a STU |b slo | ||
| 041 | 0 | |a slo | |
| 100 | 1 | |a Pivarčiová, Annamária |u 042190 |4 aut |U FCHPT Ústav anorganickej chémie, technológie a materiálov |T FCHPT Oddelenie anorganickej chémie |X 42867 |U C2190 |Y 112 |7 42867 | |
| 242 | 0 | 1 | |a synthesis of kojic acid´s derivatives and their coordination compounds |y eng |
| 245 | 1 | 0 | |a Príprava derivátov kyseliny kojovej a ich koordinačných zlúčenín |
| 260 | |c 2015 | ||
| 650 | 4 | |a kyselina kojová |2 slo | |
| 650 | 4 | |a koordinačné zlúčeniny |2 slo | |
| 650 | 4 | |a prvky prechodného radu |2 slo | |
| 650 | 4 | |a halogénderiváty kyseliny kojovej |2 slo | |
| 650 | 4 | |a metal complexes |2 eng | |
| 650 | 4 | |a halogenderivatives |2 eng | |
| 650 | 4 | |a kojic acid |2 eng | |
| 700 | 1 | |a Šípoš, Rastislav |4 ths |X 10104 |7 A000010104 | |
| 856 | 4 | |u http://is.stuba.sk/zp/portal_zp.pl?podrobnosti=101827 | |
| SQL | |a stuzp52325 |b DBP |c SLO |d Príprava derivátov kyseliny kojovej a ich koordinačných zlúčenín |e 42867 |f Pivarčiová, Annamária |g 042190 |h 10104 |i Šípoš, Rastislav |j 20150713 |k 753 |l 04 |m http://is.stuba.sk/zp/portal_zp.pl?podrobnosti=101827 |n B-CHEMAT |o 4.1.14. chémia, 5.2.18. chemické technológie | ||